| 000 | 00657na a2200229 4500 | ||
|---|---|---|---|
| 001 | 13622 | ||
| 003 | MIRAKIL | ||
| 005 | 20181213154746.0 | ||
| 008 | 161107b tu 000 0 | ||
| 020 | _a9786059912631 | ||
| 040 |
_aMilas _btur _cTR-AnCHP |
||
| 041 | _atur | ||
| 082 |
_a947.554 _bM87i 2015 |
||
| 090 | _a947.554 M87i 2015 | ||
| 100 | _aMustafa, Nazım | ||
| 245 |
_aİrevan şehri _bTürk - islam varlığı nasıl yok edildi _cNazım Mustafa |
||
| 246 | _aTürk - islam varlığı nasıl yok edildi | ||
| 260 |
_aAnkara _bBerikan Yayınevi _c2015 |
||
| 300 |
_a269 s. _c21 sm. |
||
| 651 |
_aErivan (Ermenistan) _xTarih |
||
| 942 |
_2ddc _cBKS |
||
| 999 |
_c353 _d353 |
||